Editor neurónových sietí

Salvato in:
Dettagli Bibliografici
Autore principale: Szobi, Kristián (Autore)
Natura: Manoscritto Libro
Lingua:slovacco
Pubblicazione: STU v Bratislave FIIT, 2005
Soggetti:
Tags: Aggiungi Tag
Nessun Tag, puoi essere il primo ad aggiungerne!!

MARC

LEADER 00000ntm a22000003a 4500
001 stu170608
005 20160720143015.9
008 080929s2005----xo------------------slo-d
040 |a STU  |b slo 
041 0 |a slo 
044 |a xo 
100 1 |a Szobi, Kristián  |4 aut 
245 1 |a Editor neurónových sietí 
260 |b STU v Bratislave FIIT,  |c 2005 
300 |a 42 s  |c príl. 
650 7 |a informatika  |2 stusub 
996 |b IZP86/05  |c I*ZP86/05  |l I  |s P  |a 0  |w stu170608_0001